| 000 | 01223nam a22002897a 4500 | ||
|---|---|---|---|
| 999 |
_c17989 _d17989 |
||
| 003 | OSt | ||
| 005 | 20230323153948.0 | ||
| 008 | 230323b ||||| |||| 00| 0 eng d | ||
| 040 | _c0 | ||
| 082 | _aDPer 570 J826 2021 v55 no. 1-5 | ||
| 100 |
_aSuwono, Hadi. _eauthor. _948029 |
||
| 245 |
_aCell biology diagnostic test (CBD-Test) portrays pre-service teacher misconceptions about biology cell / _cHadi Suwono, Triastono Imam Prasetyo, Umie Lestari, Betty Lukiati, Rifka Fachruninisa, Sentot Kusairi, Muhammad Saefi, Ahmad Fauzi, and Mochammad Fitri Atho'llah |
||
| 260 |
_aUnited Kingdom, _bTaylor & Francis Group, _cFebruary 2021. |
||
| 300 | _avolume 55, pages 82-105, illustration. | ||
| 650 |
_aCells. _948030 |
||
| 650 |
_aBiology. _948031 |
||
| 700 |
_aSuwono, Hadi. _eauthor. _948029 |
||
| 700 |
_aPrasetyo, Triastono Imam. _eauthor. _948032 |
||
| 700 |
_aLestari, Umie. _eauthor. _948033 |
||
| 700 |
_aLukiati, Betty. _eauthor. _948034 |
||
| 700 |
_aFachruninisa, Rifka. _eauthor. _948035 |
||
| 700 |
_aKusairi, Sentot. _eauthor. _948036 |
||
| 700 |
_aSaefi, Muhammad. _eauthor. _948037 |
||
| 700 |
_aFauzi, Ahmad. _eauthor. _948038 |
||
| 700 |
_aAtho'llah, Mochammad Fitri. _eauthor. _948039 |
||
| 942 |
_2ddc _cPER |
||